Nguyên lý Dirichlet và ứng dụng trong số học

Các kiến thức cơ bản. Một số ứng dụng khác của nguyên lý Dirichlet. Ứng dụng nguyên lý Dirichlet trong các bài toán suy luận. Ứng dụng nguyên lý Dirichlet trong các bài toán chia hết

Enregistré dans:
Détails bibliographiques
Auteur principal: Đinh Thanh Huyền
Autres auteurs: Phan Quang Như Anh (Hướng dẫn)
Format: Livre
Publié: Đà Nẵng Đại học Sư phạm, Đại học Đà Nẵng 2012
Sujets:
Tags: Ajouter un tag
Pas de tags, Soyez le premier à ajouter un tag!
Thư viện lưu trữ: Mạng thư viện Đại học Đà Nẵng
LEADER 01695nam a2200337 4500
001 000017435
003 13853
005 20130416160431.0
008 130416s2012 sd
082 |a 513.1  |b ĐI-H 
100 1 |a Đinh Thanh Huyền 
245 |a Nguyên lý Dirichlet và ứng dụng trong số học  |c Đinh Thanh Huyền ; Phan Quang Như Anh hướng dẫn  |k Khóa luận tốt nghiệp 
260 |a Đà Nẵng  |b Đại học Sư phạm, Đại học Đà Nẵng  |c 2012 
300 |a 61 tr.  |c 29 cm.  |e Đĩa CD, bản tóm tắt 
500 |a Khóa luận tốt nghiệp đại học. Chuyên ngành: Sư phạm Toán 
504 |a Mục lục đầu trang, tài liệu tham khảo tr. 73 - 74, phụ lục [13 tr.] 
520 |a Các kiến thức cơ bản. Một số ứng dụng khác của nguyên lý Dirichlet. Ứng dụng nguyên lý Dirichlet trong các bài toán suy luận. Ứng dụng nguyên lý Dirichlet trong các bài toán chia hết 
600 1 4 |b Vua  |c Đinh Tiên Hoàng 
650 0 4 |a Nguyên lý Dirichlet  |a Số học  |v Khóa luận tốt nghiệp  |x Nghiên cứu 
653 |a Nguyên lý Dirichlet  |a Số học  |a Khoa Toán 
700 |a Phan Quang Như Anh  |e Hướng dẫn 
OWN |a LSP 
AVA |a UDN50  |b LSP  |d 513.1 ĐI-H  |e available  |t Error 5001 Not defined in file expand_doc_bib_avail.  |f 1  |g 0  |h N  |i 0  |k 1 
999 |a From the UDN01 
AVA |a UDN50  |b LSP  |d 513.1 ĐI-H  |e available  |t Error 5001 Not defined in file expand_doc_bib_avail.  |f 1  |g 0  |h N  |i 0  |k 1 
TYP |a Monograph 
TYP |a Printed language 
980 |a Mạng thư viện Đại học Đà Nẵng